000 00546nam a2200169Ia 4500
008 240729s9999 xx 000 0 und d
022 _a2574-1748
245 0 _aStudies in Digital Heritage
260 _aUnited States
260 _bIndiana University Office of Scholarly Publishing
650 _a Anthropology | History (General) and history of Europe
650 _a History (General)
650 _aGeography. Anthropology. Recreation
856 _uhttps://doaj.org/toc/b0226b065990472b91cf00ec9a2d3755
942 _2ddc
942 _cDOAJEJ
999 _c70594
_d70594
945 _a1
_bMadushi Gamage
_c1
_dMadushi Gamage